Statistics for Famous German landmarks

Click here to take the quiz!

General Stats

  • This quiz has been taken 272 times
  • The average score is 9 of 18

Answer Stats

HintAnswer% Correct
Brandenburg GateBerlin
100%
Zwinger PalaceDresden
93%
Reeperbahn ("The" Sinful" mile)Hamburg
86%
Nymphenburg CastleMunich
78%
Mercedes Benz MuseumStuttgart
72%
RömerFrankfurt
69%
Beethoven House (his birthplace)Bonn
60%
Charlemange's Imperial ThroneAachen
50%
SchnoorBremen
46%
Holsten GateLubeck
44%
Porta Nigra (Roman Gate)Trier
43%
Suspension Monorail (Schwebebahn)Wuppertal
42%
Imperial Castle/KaiserburgNuremberg
35%
Veltins ArenaGelsenkirchen
31%
Neuschwanstein CastleHohenschwangau
27%
Kaiser Wilhelm MonumentPorta Westfalica
21%
Hermann's MonumentDetmold
13%
Kyffhäuser MonumentHarz
6%

Score Distribution

Percentile by Number Answered

Percent of People with Each Score

Your Score History

You have not taken this quiz